书目信息 |
| 题名: |
20世纪物理学
|
|
| 作者: | 布朗 , 佩斯 , 皮帕德 编 ;刘寄星 主译 | |
| 分册: | 第2卷 | |
| 出版信息: | 北京 科学出版社 2015.06 |
|
| 页数: | 15,532页 | |
| 开本: | 25cm | |
| 丛书名: | ||
| 单 册: | ||
| 中图分类: | O4-091 | |
| 科图分类: | ||
| 主题词: | 物理学史--世界--20世纪 | |
| 电子资源: | ||
| ISBN: | 978-7-03-044408-0 | |
| 000 | 01194nam0 2200289 450 | |
| 001 | 0120151601139 | |
| 005 | 20170502101519.65 | |
| 010 | @a978-7-03-044408-0@b精装@dCNY148.00 | |
| 100 | @a20150720d2015 em y0chiy50 ea | |
| 101 | 1 | @achi@ceng |
| 102 | @aCN@b110000 | |
| 105 | @aak z 000yy | |
| 106 | @ar | |
| 200 | 1 | @a20世纪物理学@920 shi ji wu li xue@dTwentieth century physics@h第2卷@f(美)Laurie M Brown,(美)Abraham Pais,(英)Brian Pippard编@g刘寄星主译@zeng |
| 210 | @a北京@c科学出版社@d2015.06 | |
| 215 | @a15,532页@c图@d25cm | |
| 330 | @a本书分为20世纪后半叶的基本粒子物理学;流体力学;超流体和超导体;晶体中的振动与自旋波;原子分子物理;磁学;原子核动力学、单位、标准和常量等章节,内容包括:量子电动力学;迄至20世纪60年代中期所知的物质新形式等。 | |
| 333 | @a物理学科研工作者 | |
| 510 | 1 | @aTwentieth century physics@zeng |
| 606 | 0 | @a物理学史@y世界@z20世纪 |
| 690 | @aO4-091@v5 | |
| 701 | 0 | @c(美)@a布朗@9bu lang@c(Brown, Laurie M)@4编 |
| 701 | 0 | @c(美)@a佩斯@9pei si@c(Pais, Abraham)@4编 |
| 701 | 0 | @c(英)@a皮帕德@9pi pa de@c(Pippard, Brian)@4编 |
| 702 | 0 | @a刘寄星@9liu ji xing@4主译 |
| 801 | 0 | @aCN@b人天书店@c20150720 |
| 905 | @b989701-03@dO4-091@e727:2@f3 | |
| 20世纪物理学=Twentieth century physics.第2卷/(美)Laurie M Brown,(美)Abraham Pais,(英)Brian Pippard编/刘寄星主译.-北京:科学出版社,2015.06 |
| 15,532页:图;25cm |
| 使用对象:物理学科研工作者 |
| ISBN 978-7-03-044408-0(精装):CNY148.00 |
| 本书分为20世纪后半叶的基本粒子物理学;流体力学;超流体和超导体;晶体中的振动与自旋波;原子分子物理;磁学;原子核动力学、单位、标准和常量等章节,内容包括:量子电动力学;迄至20世纪60年代中期所知的物质新形式等。 |
| ● |
| 相关链接 |
|
|
|
|
正题名:20世纪物理学
索取号:O4-091/727:2
 
预约/预借
| 序号 | 登录号 | 条形码 | 馆藏地/架位号 | 状态 | 备注 |
| 1 | 989701 | 209897012 | 第二样本阅览室/ [索取号:O4-091/727:2] | 在馆 | |
| 2 | 989702 | 209897021 | 第三借阅区/ [索取号:O4-091/727:2] | 在馆 | |
| 3 | 989703 | 209897030 | 密集书库-物理学院/ [索取号:O4-091/727:2] | 在馆 |